| Tag |
First Indicator |
Second Indicator |
Subfields |
| LEADER |
00000cam a2200000 a 4500 |
| 001 |
in00000976621 |
| 005 |
20150927111640.0 |
| 008 |
891113s1990 onc 00001 eng d |
| 010 |
|
|
|a cn 90093156
|
| 015 |
|
|
|a C90-93156-6
|
| 020 |
|
|
|a 019540761X :
|c $16.95
|
| 035 |
|
|
|a (OCoLC)21045481
|
| 035 |
|
|
|9 AEW2034AM
|
| 040 |
|
|
|a CaOTU
|b eng
|c NLC
|d TXA
|d UtOrBLW
|
| 049 |
|
|
|a TXAM
|
| 055 |
0 |
0 |
|a PS8323 G5
|b O94 1990
|
| 055 |
0 |
2 |
|a PS8323*
|
| 082 |
0 |
|
|a C813/.08733/08
|2 20
|
| 090 |
|
|
|a PR9192.6.G54
|b O93 1990
|
| 245 |
0 |
4 |
|a The Oxford book of Canadian ghost stories /
|c edited by Alberto Manguel.
|
| 264 |
|
1 |
|a Toronto ;
|a New York :
|b Oxford University Press,
|c 1990.
|
| 300 |
|
|
|a xii, 276 pages ;
|c 22 cm.
|
| 336 |
|
|
|a text
|b txt
|2 rdacontent
|
| 337 |
|
|
|a unmediated
|b n
|2 rdamedia
|
| 338 |
|
|
|a volume
|b nc
|2 rdacarrier
|
| 650 |
|
0 |
|a Ghost stories, Canadian.
|
| 700 |
1 |
|
|a Manguel, Alberto,
|d 1948-
|
| 999 |
|
|
|a MARS
|
| 999 |
f |
f |
|s 0d977ff2-5bbd-3d40-b7aa-4305a54d17a8
|i dc7a7965-b63c-3bb5-a98a-e11ce8e20b86
|t 0
|
| 952 |
f |
f |
|p ric
|a Texas A&M University
|b Rellis Campus
|c Joint Library Facility
|d Remote Storage
|t 0
|e PR9192.6.G54 O93 1990
|h Library of Congress classification
|i unmediated -- volume
|m A14813494922
|
| 998 |
f |
f |
|a PR9192.6.G54 O93 1990
|t 0
|l Remote Storage
|